Dạng chuẩn trong bài toán phân nhánh

Nội dung đề tài gồm lý thuyết hệ động lực, các dạng chính tắc nhận được từ lý thuyết về đa tạp trung tâm, dạng chính tắc qui ước, dạng chính tắc đơn giản nhất, dạng chính tắc liên quan đến khai triển luỹ thừa....

Fuld beskrivelse

Đã lưu trong:
Bibliografiske detaljer
Hovedforfatter: Trương, Văn Hùng
Format: Bog
Sprog:Undetermined
Udgivet: Cần Thơ Trường đại Học Cần THơ 2008
Fag:
Tags: Tilføj Tag
Ingen Tags, Vær først til at tagge denne postø!
Thư viện lưu trữ: Trung tâm Học liệu Trường Đại học Cần Thơ
LEADER 01008nam a2200205Ia 4500
001 CTU_137348
008 210402s9999 xx 000 0 und d
082 |a 515 
082 |b H513 
088 |a 604601 
100 |a Trương, Văn Hùng 
245 0 |a Dạng chuẩn trong bài toán phân nhánh 
245 0 |c Trương Văn Hùng ; Nguyễn Hữu Khánh giáo viên hướng dẫn 
260 |a Cần Thơ 
260 |b Trường đại Học Cần THơ 
260 |c 2008 
520 |a Nội dung đề tài gồm lý thuyết hệ động lực, các dạng chính tắc nhận được từ lý thuyết về đa tạp trung tâm, dạng chính tắc qui ước, dạng chính tắc đơn giản nhất, dạng chính tắc liên quan đến khai triển luỹ thừa. 
650 |a Mathematical analysis,Toán giải tích 
904 |i Tuyến 
980 |a Trung tâm Học liệu Trường Đại học Cần Thơ